Řízení strukturálních změn v průmyslu

Guardado en:
Detalles Bibliográficos
Autor principal: Dvořáček, Jiří
Otros Autores: Mrázek, Otakar
Formato: Libro
Lenguaje:checo
Publicado: Praha Stát. nakl. techn. lit. 1990
Edición:1. vyd.
Etiquetas: Agregar Etiqueta
Sin Etiquetas, Sea el primero en etiquetar este registro!

MARC

LEADER 00000nam a2200000 4500
001 c023163
005 20221215120627.4
041 0 |a cze 
044 |a CZ 
245 1 0 |a Řízení strukturálních změn v průmyslu  |c Jiří Dvořáček, Otakar Mrázek 
250 |a 1. vyd. 
264 1 |a Praha  |b Stát. nakl. techn. lit.  |c 1990 
300 |a 155 s. 
100 1 |a Dvořáček, Jiří 
700 1 |a Mrázek, Otakar